Phương pháp phân tích luật viết
Nội dung sách nhằm cung cấp một số phương pháp tiếp cận nội dung văn bản quy phạm pháp luật được thừa nhận và áp dụng phổ biến ở các nước có nền luật học phát triển, cũng như các khả năng vận dụng những phương pháp ấy trong hoạt...
שמור ב:
| מחבר ראשי: | |
|---|---|
| פורמט: | ספר |
| שפה: | Vietnamese |
| יצא לאור: |
H.
Chính trị Quốc gia
2022
|
| מהדורה: | Xuất bản lần 4, có sửa chữa, bổ sung |
| נושאים: | |
| תגים: |
הוספת תג
אין תגיות, היה/י הראשונ/ה לתייג את הרשומה!
|
| Thư viện lưu trữ: | Thư viện Trường Đại học Nam Cần Thơ |
|---|
| LEADER | 01916nam a22002537a 4500 | ||
|---|---|---|---|
| 001 | NCT_146079 | ||
| 008 | 230330b xxu||||| |||| 00| 0 vie d | ||
| 999 | |c 7521 |d 7521 | ||
| 020 | |a 9786045782880 |c 88000 | ||
| 082 | 0 | 4 | |2 23rd ed. |a 340.14 |b Đ305 |
| 100 | 1 | |a Nguyễn Ngọc Điện | |
| 245 | 1 | 0 | |a Phương pháp phân tích luật viết |c Nguyễn Ngọc Điện |
| 250 | |a Xuất bản lần 4, có sửa chữa, bổ sung | ||
| 260 | |a H. |b Chính trị Quốc gia |c 2022 | ||
| 300 | |a 219 tr. |c 21 cm | ||
| 520 | 3 | |a Nội dung sách nhằm cung cấp một số phương pháp tiếp cận nội dung văn bản quy phạm pháp luật được thừa nhận và áp dụng phổ biến ở các nước có nền luật học phát triển, cũng như các khả năng vận dụng những phương pháp ấy trong hoạt động nghiên cứu và phân tích nội dung văn bản quy phạm pháp luật ở Việt Nam. | |
| 653 | |a Luật | ||
| 942 | |2 ddc |c BK | ||
| 952 | |0 0 |1 0 |2 ddc |4 0 |6 340_140000000000000_Đ305 |7 0 |9 27105 |a 000001 |b 000001 |d 2023-03-30 |o 340.14 Đ305 |p MD.21282 |r 2023-03-30 |v 88000.00 |w 2023-03-30 |y BK | ||
| 952 | |0 0 |1 0 |2 ddc |4 0 |6 340_140000000000000_Đ305 |7 0 |9 27106 |a 000001 |b 000001 |d 2023-03-30 |o 340.14 Đ305 |p MD.21283 |r 2023-03-30 |v 88000.00 |w 2023-03-30 |y BK | ||
| 952 | |0 0 |1 0 |2 ddc |4 0 |6 340_140000000000000_Đ305 |7 0 |9 27107 |a 000001 |b 000001 |d 2023-03-30 |o 340.14 Đ305 |p MD.21284 |r 2023-03-30 |v 88000.00 |w 2023-03-30 |y BK | ||
| 952 | |0 0 |1 0 |2 ddc |4 0 |6 340_140000000000000_Đ305 |7 0 |9 27108 |a 000001 |b 000001 |d 2023-03-30 |o 340.14 Đ305 |p MD.21285 |r 2023-03-30 |v 88000.00 |w 2023-03-30 |y BK | ||
| 952 | |0 0 |1 0 |2 ddc |4 0 |6 340_140000000000000_Đ305 |7 0 |9 27109 |a 000001 |b 000001 |d 2023-03-30 |o 340.14 Đ305 |p MD.21286 |r 2023-03-30 |v 88000.00 |w 2023-03-30 |y BK | ||
| 980 | |a Thư viện Trường Đại học Nam Cần Thơ | ||


